书目信息 |
| 题名: |
工业产品造型设计与实践创新
|
|
| 作者: | 吕健安 著 | |
| 分册: | ||
| 出版信息: | 长春 吉林出版集团股份有限公司 2021.3 |
|
| 页数: | 202页 | |
| 开本: | 24cm | |
| 丛书名: | ||
| 单 册: | ||
| 中图分类: | TB472.2 | |
| 科图分类: | ||
| 主题词: | 工业产品--造型设计 | |
| 电子资源: | ||
| ISBN: | 978-7-5581-8464-2 | |
| 000 | 00832nam0 2200241 45 | |
| 001 | 012001002103 | |
| 005 | 20140913104915.0 | |
| 010 | @a978-7-5581-8464-2@dCNY58.00 | |
| 100 | @a20210518d2021 em y0chiy50 ea | |
| 101 | 0 | @achi |
| 102 | @aCN@b220000 | |
| 105 | @ay az 000yy | |
| 106 | @ar | |
| 200 | 1 | @a工业产品造型设计与实践创新@Agong ye chan pin zao xing she ji yu shi jian chuang xin@f吕健安著 |
| 210 | @a长春@c吉林出版集团股份有限公司@d2021.3 | |
| 215 | @a202页@d24cm | |
| 320 | @a有书目 (第201-202页) | |
| 330 | @a本书共7章,内容包括:工业设计概述;工业产品色彩设计;工业产品形态设计;工业产品设计应用研究;工业产品设计的发展;工业产品造型设计的发展等。 | |
| 606 | 0 | @a工业产品@x造型设计 |
| 690 | @aTB472.2@v5 | |
| 701 | 0 | @a吕健安@Alv jian an@4著 |
| 801 | 0 | @aCN@bBJSDL@c20211011 |
| 905 | @b1338449-52@dTB472.2@e595@f4 | |
| 工业产品造型设计与实践创新/吕健安著.-长春:吉林出版集团股份有限公司,2021.3 |
| 202页;24cm |
| ISBN 978-7-5581-8464-2:CNY58.00 |
| 本书共7章,内容包括:工业设计概述;工业产品色彩设计;工业产品形态设计;工业产品设计应用研究;工业产品设计的发展;工业产品造型设计的发展等。 |
| ● |
| 相关链接 |
|
|
|
|
正题名:工业产品造型设计与实践创新
索取号:TB472.2/595
 
预约/预借
| 序号 | 登录号 | 条形码 | 馆藏地/架位号 | 状态 | 备注 |
| 1 | 1338449 | 213384498 | 第二样本阅览室/ [索取号:TB472.2/595] | 在馆 | |
| 2 | 1338450 | 213384504 | 第三借阅区/ [索取号:TB472.2/595] | 在馆 | |
| 3 | 1338451 | 213384513 | 第三借阅区/ [索取号:TB472.2/595] | 在馆 | |
| 4 | 1338452 | 213384522 | 第三借阅区/ [索取号:TB472.2/595] | 在馆 |